| 000 | 00570nam a2200181 i 4500 | ||
|---|---|---|---|
| 001 | 100888 | ||
| 003 | ES-MaACL | ||
| 005 | 20250730063117.0 | ||
| 007 | t| | ||
| 008 | 051006s1961 sp ||||1| spa d | ||
| 100 | 1 |
_aMatute, Ana María, _d1925-2014 _979165 |
|
| 245 | 1 | 0 |
_aLibro de juegos para los niños de los otros / _cAna María Matute; fotos Jaime Buesa. |
| 260 |
_aBarcelona : _bLumen, _c1961. |
||
| 300 |
_a3 h., 1-14 fol., 16 lám. ; _c29 cm. |
||
| 700 | 1 |
_aBuesa, Jaime. _932424 |
|
| 852 |
_aES-MaACL _jC-21381 _bR.49322 |
||
| 999 |
_c100888 _d100888 |
||